Score 0/26 Timer 04:00
1 Play Today
Province/Territory and Capital % Correct
Québec
92.9%
Ontario
90.7%
Alberta
88.4%
British Columbia
87.9%
Toronto
87.1%
Yukon
83%
Manitoba
82.8%
Prince Edward Island
82.8%
Saskatchewan
82.6%
Newfoundland and Labrador
80.6%
Nova Scotia
80.5%
Québec City
76.4%
Edmonton
76%
Province/Territory and Capital % Correct
Nunavut
73.7%
Northwest Territories
72.7%
Winnipeg
71.2%
New Brunswick
70.1%
Halifax
69.3%
Victoria
69%
Regina
67.4%
St. John's
61.4%
Yellowknife
60.8%
Whitehorse
53.7%
Charlottetown
48.3%
Fredericton
42.7%
Iqaluit
41.6%

You're not logged in!

Compare scores with friends on all Sporcle quizzes.
OR
Log In

Sporcle TV

Today on Sporcle TV


Watch our educational content, quiz creation guides, and fun videos on Sporcle TV.

Show Comments

Extras

Top Quizzes Today


Score Distribution

Paid Content

Your Account Isn't Verified!

In order to create a playlist on Sporcle, you need to verify the email address you used during registration. Go to your Sporcle Settings to finish the process.

Report this User

Report this user for behavior that violates our Community Guidelines.

Details: